Inazuma Eleven - Toutes les supertechniques Académie Alius - Statistiques

Statistiques générales
  • Ce quiz a été pris 1 306 fois
  • Le résultat moyen est 24 sur 37
Statistiques - réponses
Equipe Réponse % Correct
Tempête des gémeaux Tir astral
96%
Epsilon Trou de ver
91%
Epsilon Perceuse
90%
Prominence Eruption solaire
83%
Diamond Dust Impact nordique
83%
Génésis Météore géant
83%
Diamond Dust Tacle glacial
79%
Nouvelle Royal Academy Morsure sauvage
78%
Empereurs noirs Phénix noir
77%
Chaos Blizzard enflammé
76%
Tempête des gémeaux Trou noir
75%
Génésis Supernova
74%
Epsilon Gungnir
72%
Epsilon Frappe de Gaïa
71%
Génésis Manchot spatial
70%
Génésis Filet stellaire
69%
Prominence Tacle incendiaire
69%
Diamond Dust Voile d'eau
69%
Prominence Carbonisation
64%
Empereurs noirs Révolution V
64%
Génésis Mur temporel
63%
Diamond Dust Bloc de glace
62%
Epsilon Rayon Ganymède
61%
Empereurs noirs Double fusée
59%
Tempête des gémeaux Gravité
59%
Nouvelle Royal Academy Manchot empereur n°1
58%
Tempête des gémeaux Frappe cosmique
57%
Empereurs noirs Choc de la vouivre
55%
Epsilon Pluie de météores
55%
Empereurs noirs Tornade noire
55%
Empereurs noirs Triple tir
54%
Empereurs noirs Double pression
51%
Empereurs noirs Dribble rafale
48%
Empereurs noirs Etoile filante
48%
Empereurs noirs Tacle puissance 3
42%
Empereurs noirs Scie circulaire
41%
Tempête des gémeaux Flash photonique
39%
Aucun quiz correspondant
Distribution des résultats
% des personnes avec chaque résultat
Percentile par nombre de réponses
Votre historique - résultats
Vous n’avez pas pris ce quiz